000 00572nam a2200193Ia 4500
005 20260429112104.0
008 260429s9999||||xx |||||||||||||| ||und||
020 _a9781032419640
041 _aEnglish
082 _a418.4071
_bMCC
100 _aMcConnel, Jen
245 0 _aBuilding literacy through pop culture in ELA classroom :
_bstrategies for English in high school and college /
_cJen McConnel
250 _a1st ed.
260 _aNew York :
_bRoutledge,
_c2025.
300 _avii, 132 p.; pbk
650 _a ELA classroom
650 _aLiteracy
942 _cTB
999 _c52294
_d52294